Backseat - Pop Smoke feat. PnB Rock (Full lyrics) - Statistics

General Stats
  • This quiz has been taken 3 times
  • The average score is 254 of 407
Answer Stats
Lyrics % Correct
a
100%
and
100%
And
100%
Ayy,
100%
baby,
100%
back
100%
be
100%
Oh-
100%
oh,
100%
Oh
100%
oh
100%
Oh,
100%
oh-
100%
seat
100%
skrrt-
100%
skrrt,
100%
we
100%
We
100%
when
100%
you
100%
your
100%
As
67%
as
67%
behind
67%
'bout
67%
can
67%
can't
67%
Girl,
67%
go,
67%
go
67%
he
67%
here
67%
house
67%
I
67%
I'd
67%
if
67%
I'm
67%
in
67%
it
67%
it's
67%
I've
67%
like
67%
Like
67%
Me
67%
me
67%
my
67%
off
67%
on
67%
out
67%
smoke
67%
So
67%
some
67%
street
67%
street,
67%
take
67%
the
67%
there
67%
to
67%
was
67%
with
67%
yeah
67%
yeah-
67%
yeah,
67%
all
33%
anywhere
33%
Been
33%
been
33%
before
33%
body,
33%
bros
33%
catchin'
33%
'Cause
33%
chill
33%
could
33%
coupe
33%
designer,
33%
doors,
33%
dope
33%
down
33%
down,
33%
drawers
33%
Drip
33%
Dubai,
33%
even
33%
fall?
33%
fallin'
33%
fast,
33%
feel
33%
find
33%
for
33%
froze
33%
gang
33%
get
33%
got
33%
gotta
33%
Gucci
33%
high
33%
hoes
33%
home,
33%
keep
33%
know
33%
lames
33%
Late
33%
let's
33%
lie,
33%
lights
33%
long
33%
Look,
33%
main
33%
meet
33%
neck
33%
new
33%
nights
33%
noise
33%
now
33%
other
33%
Park
33%
play
33%
Play
33%
playin'?
33%
put
33%
rather
33%
risk
33%
role,
33%
role
33%
Shawty,
33%
stores
33%
sure?
33%
swear
33%
takin'
33%
than
33%
them
33%
There's
33%
these
33%
things
33%
trust
33%
truth
33%
Twist
33%
Two
33%
up
33%
wanna
33%
why
33%
Would
33%
cut
0%
made
0%
might
0%
never
0%
nothin'
0%
Rolls
0%
Show
0%
that
0%
vibes
0%
No matching quizzes found
Score Distribution
Percent of People with Each Score
Percentile by Number Answered
Your Score History
You have not taken this quiz